[Event "NED-ch U21"]
[Site "Rotterdam"]
[Date "2015.05.05"]
[Round "5"]
[White "Ratsma, Rosa"]
[Black "Veltkamp, Bastiaan"]
[Result "1/2-1/2"]
[WhiteElo "2097"]
[BlackElo "2061"]
[PlyCount "101"]
[EventDate "2015.05.02"]
[EventType "swiss"]
[EventRounds "9"]
[EventCountry "NED"]
[SourceTitle "EXT 2016"]
[Source "ChessBase"]
[SourceDate "2015.10.08"]
[SourceVersion "1"]
[SourceVersionDate "2015.10.08"]
[SourceQuality "1"]

1. e4 c5 2. Nf3 e6 3. d4 cxd4 4. Nxd4 a6 5. c4 Qc7 6. Nc3 Nc6 7. Nxc6 dxc6 8. Be3 e5 9. Be2 Nf6 10. 0-0 Be7 11. Qc2 0-0 12. Na4 c5 13. a3 Bd7 14. Nc3 Qc6 15. Bg5 h6 16. Bxf6 Bxf6 17. Nd5 Bg5 18. Bd3 Be6 19. Rab1 Rac8 20. Rfe1 Qd6 21. Qc3 g6 22. Rbd1 Bxd5 23. Bc2 Rfd8 24. Rxd5 Qb6 25. b3 Rxd5 26. exd5 Bf6 27. Qh3 Re8 28. Qxh6 Qa5 29. Rd1 Bg7 30. Qg5 Qc3 31. Qd2 e4 32. Qxc3 Bxc3 33. g3 Bd4 34. Re1 e3 35. Kg2 Kf8 36. fxe3 Rxe3 37. Rxe3 Bxe3 38. Kf3 Bc1 39. a4 Ke7 40. h4 Bh6 41. g4 Kd6 42. Ke4 a5 43. h5 Bc1 44. Kf3 gxh5 45. gxh5 Ke5 46. Kg4 b6 47. d6 f5+ 48. Bxf5 Kxd6 49. Bg6 Ke5 50. Be8 Be3 51. Kf3 1/2-1/2

[Event "NED-ch U21"]
[Site "Rotterdam"]
[Date "2015.05.02"]
[Round "1"]
[White "Veltkamp, Bastiaan"]
[Black "Lai, Hing Ting"]
[Result "0-1"]
[WhiteElo "2061"]
[BlackElo "2317"]
[PlyCount "94"]
[EventDate "2015.05.02"]
[EventType "swiss"]
[EventRounds "9"]
[EventCountry "NED"]
[SourceTitle "EXT 2016"]
[Source "ChessBase"]
[SourceDate "2015.10.08"]
[SourceVersion "1"]
[SourceVersionDate "2015.10.08"]
[SourceQuality "1"]

1. b4 e5 2. Bb2 Bxb4 3. Bxe5 Nf6 4. Nf3 Nc6 5. Bb2 d5 6. e3 0-0 7. Bb5 Qd6 8. c3 Bc5 9. d4 Bb6 10. Ba3 Qd8 11. Bxf8 Qxf8 12. 0-0 Ne7 13. Nbd2 Nf5 14. Qc2 c5 15. Bd3 g6 16. dxc5 Qxc5 17. Nd4 Nxd4 18. exd4 Qd6 19. Rae1 Bg4 20. f4 Rc8 21. Qb2 Nh5 22. g3 Ng7 23. Nf3 Qc7 24. Kg2 Qxc3 25. Qxc3 Rxc3 26. Ne5 Be6 27. Rc1 Ra3 28. Bb1 Nf5 29. Bxf5 Bxf5 30. Rf2 Bxd4 31. Re2 Bb6 32. h4 f6 33. g4 Be4+ 34. Rxe4 dxe4 35. Nd7 Rxa2+ 36. Kh3 Be3 37. Rc7 Bxf4 38. Nxf6+ Kf8 39. Nxh7+ Ke8 40. Nf6+ Kd8 41. Rd7+ Kc8 42. g5 Ra3+ 43. Kg2 Rg3+ 44. Kf1 Rf3+ 45. Ke2 Bxg5 46. hxg5 Rxf6 47. Rg7 Re6 0-1

[Event "Amsterdam Science Park op-B 3rd"]
[Site "Amsterdam"]
[Date "2013.07.13"]
[Round "8"]
[White "Veltkamp, Bastiaan"]
[Black "Bravo, Fabio"]
[Result "1-0"]
[WhiteElo "2045"]
[BlackElo "2013"]
[PlyCount "51"]
[EventDate "2013.07.06"]
[EventType "swiss"]
[EventRounds "9"]
[EventCountry "NED"]
[SourceTitle "CBM 155 Extra"]
[Source "ChessBase"]
[SourceDate "2013.08.26"]
[SourceVersion "1"]
[SourceVersionDate "2013.08.26"]
[SourceQuality "1"]

1. d4 d6 2. Nf3 g6 3. e4 Bg7 4. Bd3 Nd7 5. 0-0 c5 6. c3 Qc7 7. Qb3 Nb6 8. Bb5+ Bd7 9. Bf4 c4 10. Bxd7+ Nxd7 11. Qb4 Ngf6 12. Nbd2 Nh5 13. Bg5 Nb6 14. a4 Rc8 15. a5 Nd7 16. Ra4 h6 17. Be3 Nhf6 18. d5 a6 19. Qa3 Qb8 20. Re1 Rc7 21. Nxc4 Nxe4 22. Bb6 Ndc5 23. Nxd6+ exd6 24. Raxe4+ Nxe4 25. Qxd6 f5 26. Bxc7 1-0

[Event "Amsterdam Science Park op-B 3rd"]
[Site "Amsterdam"]
[Date "2013.07.10"]
[Round "5"]
[White "Veltkamp, Bastiaan"]
[Black "Kelder, Sjoerd"]
[Result "1-0"]
[WhiteElo "2045"]
[BlackElo "1950"]
[PlyCount "73"]
[EventDate "2013.07.06"]
[EventType "swiss"]
[EventRounds "9"]
[EventCountry "NED"]
[SourceTitle "CBM 155 Extra"]
[Source "ChessBase"]
[SourceDate "2013.08.26"]
[SourceVersion "1"]
[SourceVersionDate "2013.08.26"]
[SourceQuality "1"]

1. d4 d5 2. Nf3 Nf6 3. Bg5 Ne4 4. Nbd2 Nxg5 5. Nxg5 e5 6. Ngf3 exd4 7. Nxd4 Be7 8. e3 0-0 9. Bd3 Nd7 10. 0-0 Nf6 11. Nf5 Bc5 12. Qf3 g6 13. Ng3 c6 14. h3 Nd7 15. Qf4 Qf6 16. Qxf6 Nxf6 17. Rae1 Bd6 18. e4 Bxg3 19. fxg3 Kg7 20. exd5 Nxd5 21. Ne4 Bf5 22. Bc4 Bxe4 23. Rxe4 f5 24. Re6 Nb6 25. Bb3 Rfe8 26. Rfe1 Kf8 27. Rf6+ Kg7 28. Rf7+ Kh6 29. Rxe8 Rxe8 30. Rxb7 Ra8 31. Rc7 Nd5 32. Rxc6 Ne3 33. Re6 Nd1 34. Re1 Rd8 35. Kf1 Kg5 36. Ke2 Nxb2 37. Rb1 1-0

[Event "NED-ch U15"]
[Site "Venlo"]
[Date "2009.04.26"]
[Round "3"]
[White "Veltkamp, Bastiaan"]
[Black "Ratsma, Midas"]
[Result "0-1"]
[WhiteElo "1698"]
[BlackElo "1662"]
[PlyCount "120"]
[EventDate "2009.04.24"]
[EventType "swiss"]
[EventRounds "9"]
[EventCountry "NED"]
[SourceTitle "EXT 2013"]
[Source "ChessBase"]
[SourceDate "2012.11.22"]
[SourceVersion "1"]
[SourceVersionDate "2012.11.22"]
[SourceQuality "1"]

1. d4 Nf6 2. c4 g6 3. Nc3 d5 4. cxd5 Nxd5 5. e4 Nxc3 6. bxc3 Bg7 7. Nf3 c5 8. Be3 Bg4 9. Bc4 0-0 10. Bd5 Nc6 11. Rb1 e6 12. Bxc6 bxc6 13. Qd2 Qa5 14. 0-0 Bxf3 15. gxf3 cxd4 16. cxd4 Qxd2 17. Bxd2 Bxd4 18. Rfc1 c5 19. Bf4 e5 20. Bg5 f6 21. Bh6 Rfb8 22. h4 Rb6 23. Rxb6 axb6 24. Rc2 b5 25. Kf1 c4 26. Bc1 Kf7 27. f4 Ke6 28. f3 Kd6 29. fxe5+ fxe5 30. Bg5 Ra7 31. Bh6 Rf7 32. Ke2 Kc5 33. a3 Ra7 34. Bf8+ Kc6 35. Bb4 Bc5 36. Bc3 Rxa3 37. Bxe5 Re3+ 38. Kd1 Rxf3 39. Ke1 Re3+ 40. Kd1 Rxe4 41. Bc3 Rxh4 42. Rg2 b4 43. Bf6 Bd4 44. Bxh4 b3 45. Bf2 Be5 46. Rg5 Bd6 47. Be1 Bf4 48. Ra5 Be3 49. Bc3 g5 50. Re5 Bf4 51. Rf5 Be3 52. Bf6 h6 53. Bg7 h5 54. Bf6 g4 55. Ke2 Bc5 56. Rxh5 Bb4 57. Rg5 c3 58. Kd1 c2+ 59. Kc1 Bc5 60. Re5 Ba3+ 0-1

[Event "NED-ch U13"]
[Site "Rijswijk"]
[Date "2007.05.18"]
[Round "4"]
[White "Vos, Tjark"]
[Black "Veltkamp, Bastiaan"]
[Result "1/2-1/2"]
[WhiteElo "1678"]
[BlackElo "1533"]
[PlyCount "104"]
[EventDate "2007.05.17"]
[EventType "swiss"]
[EventRounds "9"]
[EventCountry "NED"]
[SourceTitle "EXT 2009"]
[Source "ChessBase"]
[SourceDate "2008.11.26"]
[SourceVersion "1"]
[SourceVersionDate "2008.11.26"]
[SourceQuality "1"]

1. e4 c5 2. Nf3 Nc6 3. d4 cxd4 4. Nxd4 Nf6 5. Nc3 d6 6. Be3 a6 7. Bd3 Bd7 8. Qd2 e6 9. 0-0-0 b5 10. f4 Qa5 11. Nb3 Qc7 12. h3 Na5 13. f5 Nxb3+ 14. axb3 e5 15. g4 Bc6 16. Bg5 Be7 17. Bxf6 Bxf6 18. g5 Be7 19. Rdf1 Qd8 20. Rhg1 Ra7 21. Qg2 f6 22. h4 Kd7 23. Qf2 Rb7 24. g6 h6 25. Kd2 Qa8 26. Ra1 Bd8 27. Qe2 Bb6 28. Rgd1 Bd4 29. Ra2 Rhb8 30. Rda1 Ra7 31. b4 Rbb7 32. Nd1 Rc7 33. c3 Bb6 34. Ne3 Bxe4 35. Bxe4 Qxe4 36. Rxa6 Bxe3+ 37. Qxe3 Qg2+ 38. Qe2 Qd5+ 39. Kc2 Rxa6 40. Rxa6 e4 41. Rb6 Rb7 42. Rxb7+ Qxb7 43. Qe3 d5 44. Qc5 Qc6 45. Qf8 Qc4 46. Qxg7+ Kc8 47. Qf8+ Kb7 48. Qe7+ Kb8 49. Qd6+ Ka7 50. Qe7+ Kb8 51. g7 Qe2+ 52. Kb1 Qd1+ 1/2-1/2

[Event "NED-ch U13"]
[Site "Rijswijk"]
[Date "2006.05.26"]
[Round "4"]
[White "Veltkamp, Bastiaan"]
[Black "Meng, Roger"]
[Result "0-1"]
[WhiteElo "1332"]
[BlackElo "1651"]
[PlyCount "90"]
[EventDate "2006.05.25"]
[EventType "swiss"]
[EventRounds "9"]
[EventCountry "NED"]
[SourceTitle "EXT 2009"]
[Source "ChessBase"]
[SourceDate "2008.11.26"]
[SourceVersion "1"]
[SourceVersionDate "2008.11.26"]
[SourceQuality "1"]

1. d4 d5 2. Nf3 Nf6 3. c4 e6 4. Nc3 c6 5. e3 Bd6 6. Bd2 Nbd7 7. a3 0-0 8. Bd3 b6 9. 0-0 Qc7 10. Rc1 Bb7 11. Qe2 Qb8 12. b4 e5 13. Bf5 e4 14. Ne1 Bxh2+ 15. Kh1 Bd6 16. f4 g6 17. Bh3 Qe8 18. g4 Qe7 19. g5 Nh5 20. Kh2 Rfe8 21. Bg4 Ng7 22. Rh1 Nf8 23. Kg1 Bxf4 24. exf4 e3 25. Nxd5 cxd5 26. Bc3 dxc4 27. Rh3 b5 28. Nc2 Qd6 29. Rf1 Be4 30. Ne1 Bf5 31. Rg3 Bxg4 32. Rxg4 Nf5 33. Nc2 Ne6 34. Nxe3 Nexd4 35. Bxd4 Qxd4 36. Qf2 Qxe3 37. Kh1 Qh3+ 38. Kg1 Qxg4+ 39. Kh1 Ng3+ 40. Kg2 Re2 41. Kg1 Rxf2 42. Rxf2 Re8 43. Kh2 Nf5 44. Kh1 Re1+ 45. Kh2 Qg3# 0-1

[Event "NED-ch U13"]
[Site "Rijswijk"]
[Date "2006.05.25"]
[Round "1"]
[White "Schippers, Philippe"]
[Black "Veltkamp, Bastiaan"]
[Result "0-1"]
[WhiteElo "1578"]
[BlackElo "1332"]
[PlyCount "54"]
[EventDate "2006.05.25"]
[EventType "swiss"]
[EventRounds "9"]
[EventCountry "NED"]
[SourceTitle "EXT 2009"]
[Source "ChessBase"]
[SourceDate "2008.11.26"]
[SourceVersion "1"]
[SourceVersionDate "2008.11.26"]
[SourceQuality "1"]

1. e4 e5 2. Nf3 Nc6 3. Bc4 Nf6 4. Ng5 d5 5. exd5 Na5 6. Bb5+ Bd7 7. Bxd7+ Qxd7 8. 0-0 Nxd5 9. Nc3 Nb6 10. Re1 Nc6 11. Nf3 f6 12. d4 Bd6 13. Bf4 Qf5 14. Bg3 0-0-0 15. d5 Ne7 16. a4 Bb4 17. a5 Nbxd5 18. Nh4 Qe6 19. Qf3 g5 20. Nxd5 Rxd5 21. c3 Bxa5 22. b4 gxh4 23. Bxh4 Bb6 24. c4 Rd4 25. Bxf6 Rf8 26. Rxe5 Qxe5 27. Bxe5 Rxf3 0-1